000 00936nam a2200277 i 4500
003 DO-SdBNP
005 20250624095821.0
007 ta
008 250623b1972 dr ||||| |||| 00| 0 spa d
040 _aDO-SdBNP
_bspa
_cBNPHU
_erda
082 4 _a616.89
_bZ18m, 1972
_222
100 1 _aZaglul, Antonio,
_d1920-1996
_eautor
_4aut.
_969657
245 1 0 _aMis 500 locos :
_bmemorias del director de un manicomio /
_cAntonio Zaglul.
250 _aTercera edición
264 1 _aSanto Domingo :
_bTaller,
_c1972.
300 _a159 páginas ;
_c21 cm.
336 _atexto
_btxt
_2rdacontent
337 _asin mediación
_bn
_2rdamedia
338 _avolumen
_bnc
_2rdacarrier
500 _aIncluye datos biográficos del autor en la contracubierta
590 _aInventariado, 2025/BT
650 4 _aPsiquiatría
_xCasos, historias clínicas, estadística
_926961
650 4 _aTrastornos mentales
_918252
910 _aBtavárez
942 _2ddc
_cLBS1
999 _c59366
_d59366